[Event "Elite-ch POM"]
[Site "Montreal"]
[Date "2013.10.14"]
[Round "7"]
[White "Gueorguiev, Valentin"]
[Black "Oussedik, Elias"]
[Result "0-1"]
[WhiteElo "1872"]
[BlackElo "2103"]
[PlyCount "100"]
[EventDate "2013.10.11"]
[EventType "swiss"]
[EventRounds "7"]
[EventCountry "CAN"]
[SourceTitle "EXT 2022"]
[Source "ChessBase"]
[SourceDate "2021.10.06"]
[SourceVersion "1"]
[SourceVersionDate "2021.10.06"]
[SourceQuality "1"]

1. c4 c5 2. g3 e6 3. Bg2 Nf6 4. e3 Be7 5. Ne2 0-0 6. b3 Qc7 7. Bb2 d6 8. Nbc3 a6 9. 0-0 Nbd7 10. d4 Rb8 11. Rc1 b5 12. cxb5 axb5 13. dxc5 dxc5 14. Ne4 Nxe4 15. Bxe4 Nf6 16. Bxf6 gxf6 17. Qc2 f5 18. Bg2 Bb7 19. Bxb7 Qxb7 20. Rfd1 Ra8 21. Nf4 Rfc8 22. Qb2 Qf3 23. Rd7 Re8 24. h4 c4 25. bxc4 bxc4 26. Rxc4 Reb8 27. Qc2 Bf6 28. Nd3 e5 29. a4 e4 30. Ne1 Qh5 31. Rcc7 Rb2 32. Qc4 Rf8 33. a5 Rb1 34. Qf1 f4 35. Rb7 Ra1 36. Rb5 Qh6 37. Qe2 fxe3 38. Kg2 exf2 39. Qxf2 e3 40. Qe2 Bc3 41. Rg5+ Kh8 42. Qxe3 Qc6+ 43. Qf3 Ra2+ 44. Kh1 Qxd7 45. Qxc3+ f6 46. Kg1 Qe6 47. Rc5 Re2 48. Ng2 Qe4 49. Nf4 Qb1+ 50. Qc1 Re1+ 0-1